النصائح الدينية والوصايا / (رقم التسجيلة. 90121)
[ عرض عادي ]
| 000 -LEADER | |
|---|---|
| fixed length control field | 010760am a2200253 004500 |
| 003 - CONTROL NUMBER IDENTIFIER | |
| control field | EG-GiCUC |
| 008 - FIXED-LENGTH DATA ELEMENTS--GENERAL INFORMATION | |
| fixed length control field | 061210s1997 ua g 000 0dara d |
| 017 ## - COPYRIGHT OR LEGAL DEPOSIT NUMBER | |
| Copyright or legal deposit number | 97 / 13423 |
| Assigning agency | مصر.دار الكتب |
| 040 ## - CATALOGING SOURCE | |
| Original cataloging agency | EG-GiCUC |
| Language of cataloging | ara |
| Transcribing agency | EG-GiCUC |
| 050 #4 - LIBRARY OF CONGRESS CALL NUMBER | |
| Classification number | BP184.25 |
| Item number | I26 1997 |
| 092 04 - LOCALLY ASSIGNED DEWEY CALL NUMBER (OCLC) | |
| Classification number | 213 |
| Item number | A234 |
| Edition number | 21 |
| 099 ## - LOCAL FREE-TEXT CALL NUMBER (OCLC) | |
| Classification number | 04 |
| -- | 213 A234 |
| 100 1# - MAIN ENTRY--PERSONAL NAME | |
| Personal name | ابن علوى الحدادى : عبدالله بن علوى بن محمد الحسينى : |
| Dates associated with a name | ت1720 |
| 245 12 - TITLE STATEMENT | |
| Title | النصائح الدينية والوصايا / |
| Statement of responsibility, etc. | عبدالله بن علوى الحدادى الحسينى ؛ اشرف على تحقيقة وراجعة و قدم له على عبد الرحمن الهاشم |
| 260 ## - PUBLICATION, DISTRIBUTION, ETC. | |
| Place of publication, distribution, etc. | القاهرة : |
| Name of publisher, distributor, etc. | ع.ع.الهاشم : |
| Date of publication, distribution, etc. | 1997 |
| 300 ## - PHYSICAL DESCRIPTION | |
| Extent | 463ص ؛ |
| Dimensions | 24سم |
| 504 ## - BIBLIOGRAPHY, ETC. NOTE | |
| Bibliography, etc. note | يشتمل على ارجاعات ببليوجرافية |
| 650 #7 - SUBJECT ADDED ENTRY--TOPICAL TERM | |
| Topical term or geographic name entry element | الوعظ والارشاد |
| Source of heading or term | qrmak |
| 700 1# - ADDED ENTRY--PERSONAL NAME | |
| Personal name | الهاشم : على عبد الرحمن : |
| Relator term | |
| 902 ## - LOCAL DATA ELEMENT B, LDB (RLIN) | |
| No. of Items | 1 |
| 905 ## - LOCAL DATA ELEMENT E, LDE (RLIN) | |
| Cataloger | ابراهيم |
| Reviser | مدخل |
| 905 ## - LOCAL DATA ELEMENT E, LDE (RLIN) | |
| Cataloger | ايمان ع |
| Reviser | مراجع |
| 942 ## - ADDED ENTRY ELEMENTS (KOHA) | |
| Source of classification or shelving scheme | Dewey Decimal Classification |
| Koha item type | Books |
| Source of classification or shelving scheme | Not for loan | Home library | Current library | Date acquired | Full call number | Barcode | Date last seen | Copy number | Koha item type |
|---|---|---|---|---|---|---|---|---|---|
| Dewey Decimal Classification | المكتبة المركزبة الجديدة - جامعة القاهرة | قاعة الكتب - الدور الثاني | 11.02.2024 | 213 A234 | 01000100106048000 | 22.09.2023 | C.1 | Books |